书目信息 |
| 题名: |
古代礼制风俗漫谈
|
|
| 作者: | ;文史知识编辑部 编 | |
| 分册: | 一 | |
| 出版信息: | 北京 中华书局 1986 |
|
| 页数: | 238页 | |
| 开本: | 19cm | |
| 丛书名: | 文史知识文库 | |
| 单 册: | ||
| 中图分类: | K892.9 , I-5 | |
| 科图分类: | ||
| 主题词: | 礼仪--风俗习惯--中国--古代 , 风俗习惯--礼仪--中国--古代 , 文学 | |
| 电子资源: | ||
| ISBN: | 7-101-00496-2 | |
| 000 | 00766oam2 2200265 450 | |
| 001 | 1537587398 | |
| 005 | 20151111152612.09 | |
| 010 | @a7-101-00496-2@dCNY10.00 | |
| 100 | @a19990318d1986 em y0chiy0121 ea | |
| 101 | 0 | @achi |
| 102 | @aCN@b110000 | |
| 105 | @ay z 000yy | |
| 200 | 10 | @a古代礼制风俗漫谈@9Gudai Lizhi Fengsu Mantan. Er@h一@f《文史知识》编辑部编 |
| 210 | @a北京@c中华书局@d1986@h1997重印 | |
| 215 | @a238页@c图@d19cm | |
| 225 | 2 | @a文史知识文库 |
| 461 | 0 | @12001 @a文史知识文库 |
| 606 | @a礼仪--风俗习惯@y中国@z古代 | |
| 606 | @a风俗习惯--礼仪@y中国@z古代 | |
| 606 | 0 | @a文学 |
| 690 | @aK892.9@v5 | |
| 690 | @aI-5@v4 | |
| 711 | 02 | @a文史知识编辑部@9Wenshi Zhishi Bianjibu@4编 |
| 801 | 0 | @aCN@bTSSF@c20150121 |
| 905 | @aZUCC@dI-5@eJY7:1 | |
| 古代礼制风俗漫谈.一/《文史知识》编辑部编.-北京:中华书局,1986(1997重印) |
| 238页:图;19cm.-(文史知识文库) |
| ISBN 7-101-00496-2:CNY10.00 |
| ● |
| 相关链接 |
|
|
|
|
正题名:古代礼制风俗漫谈
索取号:I-5/JY7:1
 
预约/预借
| 序号 | 登录号 | 条形码 | 馆藏地/架位号 | 状态 | 备注 |
| 1 | 7856240 | 278562404 | 学院路分馆/ [索取号:I-5/JY7:1] | 在馆 |